Różne miasta - Statystyki

Ogólne statystyki
  • Ten quiz został rozwiązany 89 razy
    86 od ostatniego zresetowania
  • Średni wynik to 24 z 60
Statystyki odpowiedzi
Państwo Miasto % Poprawnych
Polska Kraków
93%
Polska Gdańsk
88%
Polska Wrocław
87%
Polska Poznań
81%
Polska Gdynia
76%
Polska Katowice
73%
Polska Szczecin
73%
Polska Łódź
69%
Polska Toruń
69%
Polska Białystok
68%
Polska Bydgoszcz
65%
Niemcy Monachium
61%
Polska Rzeszów
61%
Polska Lublin
60%
Hiszpania Barcelona
59%
Polska Zielona Góra
57%
Polska Olsztyn
56%
Polska Częstochowa
51%
Niemcy Hamburg
51%
USA Nowy Jork
51%
Włochy Mediolan
49%
Włochy Neapol
47%
Polska Gliwice
45%
Polska Gorzów Wielkopolski
45%
USA Los angeles
45%
Turcja Stambuł
45%
Australia Sydney
45%
Polska Radom
44%
Wielka brytania Liverpool
43%
Rosja Petersburg
43%
Polska Zakopane
41%
Kanada Toronto
36%
Niemcy Frankfurt
35%
Polska Zabrze
35%
Francja Lyon
33%
Wielka brytania Manchester
32%
Holandia Haga
29%
USA San francisco
29%
Włochy Wenecja
29%
Chiny Szanghaj
28%
Szwajcaria Zurych
28%
Polska Kołobrzeg
27%
Polska Zamość
27%
Polska Bielsko-Biała
25%
Niemcy Drezno
24%
Chiny Hongkong
24%
Rosja Kazań
21%
Polska Przemyśl
20%
USA Boston
16%
Niemcy Brema
15%
Polska Ruda Śląska
15%
Rosja Rostów
9%
Chiny Kanton
8%
Rosja Niżny Nowogród
7%
Chiny Makau
5%
Polska Solec Kujawski
4%
Hiszpania Toledo
4%
Czarnogóra Cetynia
1%
Wielka brytania Bradford
0%
Polska Nowa Ruda
0%
Nie znaleziono quizów pasujących do podanych kryteriów
Rozkład punktacji
Procent ludzi z każdym wynikiem
Percentyl według liczby udzielonych odpowiedzi
Twoja historia wyników
Nie rozwiązałeś tego quizu od ostatniego zresetowania